000 00285nam a2200121Ia 4500
008 191201s2007 xx 000 0 und d
100 _aEDERSHEIM, E H
245 4 _aThe Definitive Drucker
260 _aN.Delhi
_bTMH
_c2007
300 _a288
650 _aGeneral Books
942 _2ddc
_cBK
999 _c3323
_d3323